LDR 00581naa#a2200181#i#450# 001 EN\\bibl\121202 005 20260513044018.3 011 ## _a2409-1073 100 ## _a20141121b2014####ek#y0engy0150####ca 101 0# _aRUS 102 ## _aRU 200 1# _aPower and Society: Free Economic Organization and Liberal Movement in Russian Empire in the End of XIX Century _eJournal article 210 1# _aMoscow _cNational Research University of Electronic Technology _d2014 215 ## _a9 с. 608 ## _aJournal article _2local 675 ## _a. 9.93 _zRUS 700 #1 _aGritsenko _gN F 856 4# _aesgi-journal.ru _u